Commerce in space : (Record no. 330516)

MARC details
000 -LEADER
fixed length control field 01669nam a2200409 a 4500
001 - CONTROL NUMBER
control field vtls000374292
003 - CONTROL NUMBER IDENTIFIER
control field NLI
005 - DATE AND TIME OF LATEST TRANSACTION
control field 20210602175735.0
008 - FIXED-LENGTH DATA ELEMENTS--GENERAL INFORMATION
fixed length control field 110113s2008 pauda e 001 0 eng
020 ## - INTERNATIONAL STANDARD BOOK NUMBER
International Standard Book Number 1599046242
Terms of availability $180.00
039 #9 - LEVEL OF BIBLIOGRAPHIC CONTROL AND CODING DETAIL [OBSOLETE]
-- 201101132300
-- VLOAD
040 ## - CATALOGING SOURCE
Original cataloging agency NLI :
Language of cataloging eng
Transcribing agency NLMARC21
041 0# - LANGUAGE CODE
Language code of text/sound track or separate title eng
044 ## - COUNTRY OF PUBLISHING/PRODUCING ENTITY CODE
MARC country code pau
082 04 - DEWEY DECIMAL CLASSIFICATION NUMBER
Classification number 384.51
Edition number 22
245 00 - TITLE STATEMENT
Title Commerce in space :
Remainder of title infrastructures, technologies, and applications/
Statement of responsibility, etc. ed.: Phillip Olla
260 ## - PUBLICATION, DISTRIBUTION, ETC.
Place of publication, distribution, etc. Hershey, Pa. :
Name of publisher, distributor, etc. Information Science Reference,
Date of publication, distribution, etc. c2008
300 ## - PHYSICAL DESCRIPTION
Extent xxii, 376 p. :
Other physical details ill.;
Dimensions 29 cm.
500 ## - GENERAL NOTE
General note "This book explains the role of earth observation satellite initiatives to meet information needs. it details the importance of the space infrastructure to deliver IT capabilities such as mobile broadband internet and mobile communication connectivity; it also offers a review of how space technology can influence the future of IT architecture in health, education, logistics, business, and accounting"
504 ## - BIBLIOGRAPHY, ETC. NOTE
Bibliography, etc. note Includes bibliographical references and index
650 #0 - SUBJECT ADDED ENTRY--TOPICAL TERM
Topical term or geographic name entry element Artificial satellites in telecommunication
9 (RLIN) 35600
650 #0 - SUBJECT ADDED ENTRY--TOPICAL TERM
Topical term or geographic name entry element Global positioning system
9 (RLIN) 4494
650 #0 - SUBJECT ADDED ENTRY--TOPICAL TERM
Topical term or geographic name entry element Remote sensing
9 (RLIN) 4653
650 #0 - SUBJECT ADDED ENTRY--TOPICAL TERM
Topical term or geographic name entry element Space industrialization
9 (RLIN) 556053
650 #0 - SUBJECT ADDED ENTRY--TOPICAL TERM
Topical term or geographic name entry element Space tourism
9 (RLIN) 556054
650 #0 - SUBJECT ADDED ENTRY--TOPICAL TERM
Topical term or geographic name entry element Astronautics and civilization
650 #0 - SUBJECT ADDED ENTRY--TOPICAL TERM
Topical term or geographic name entry element Astronautics
General subdivision Social aspects
9 (RLIN) 556055
700 1# - ADDED ENTRY--PERSONAL NAME
Personal name Olla, Phillip
Relationship edt
9 (RLIN) 556056
887 ## - NON-MARC INFORMATION FIELD
Content of non-MARC field Uma sg
901 ## - LOCAL DATA ELEMENT A, LDA (RLIN)
a 558727
b 23.02.08
902 ## - LOCAL DATA ELEMENT B, LDB (RLIN)
a E/O 384.51 C 736
904 ## - LOCAL DATA ELEMENT D, LDD (RLIN)
a Uma
905 ## - LOCAL DATA ELEMENT E, LDE (RLIN)
a sg
942 ## - ADDED ENTRY ELEMENTS (KOHA)
Source of classification or shelving scheme Dewey Decimal Classification
Koha item type Books
949 ## - LOCAL PROCESSING INFORMATION (OCLC)
-- VIRTUAITEM
-- 10012
-- 100
6 558727
Holdings
Withdrawn status Lost status Damaged status Not for loan Collection code Home library Current library Shelving location Date acquired Total Checkouts Full call number Barcode Date last seen Price effective from Koha item type
        New English Oversized National Library of India National Library of India New English Oversized - Main Stack Division     E/O 384.51 C 736 558727 02/06/2021 02/06/2021 Books
                                                                           
web counter

Copyright ©2020 The National Library of India, Govt. of India ↔ Hosted by NVLI, MOC ↔ Technology and Design by National Library of India, Ministry of Culture, Govt. of India